<?xml version="1.0" encoding="UTF-8"?>
<record
    xmlns:xsi="http://www.w3.org/2001/XMLSchema-instance"
    xsi:schemaLocation="http://www.loc.gov/MARC21/slim http://www.loc.gov/standards/marcxml/schema/MARC21slim.xsd"
    xmlns="http://www.loc.gov/MARC21/slim">

  <leader>00935nam a22002417a 4500</leader>
  <datafield tag="010" ind1=" " ind2=" ">
    <subfield code="a">B-201146</subfield>
  </datafield>
  <datafield tag="020" ind1=" " ind2=" ">
    <subfield code="c">120.00</subfield>
    <subfield code="a">8188738956</subfield>
  </datafield>
  <datafield tag="035" ind1=" " ind2=" ">
    <subfield code="a">B-201146</subfield>
  </datafield>
  <datafield tag="037" ind1=" " ind2=" ">
    <subfield code="a">Cen Lib/Ret</subfield>
  </datafield>
  <datafield tag="040" ind1=" " ind2=" ">
    <subfield code="a">DPL</subfield>
    <subfield code="b">PA</subfield>
  </datafield>
  <datafield tag="082" ind1=" " ind2=" ">
    <subfield code="a">&#xA13;</subfield>
    <subfield code="b">&#xA30;&#xA3E;&#xA15;&#xA47;&#xA38;&#xA3C; </subfield>
  </datafield>
  <datafield tag="100" ind1=" " ind2=" ">
    <subfield code="a">&#xA30;&#xA3E;&#xA15;&#xA47;&#xA38;&#xA3C; &#xA30;&#xA3E;&#xA2A;&#xA42;&#xA30;&#xA40;</subfield>
    <subfield code="9">122172</subfield>
  </datafield>
  <datafield tag="245" ind1=" " ind2=" ">
    <subfield code="a">&#xA2C;&#xA3E;&#xA17;&#xA40; &#xA26;&#xA3E;&#xA2A;&#xA3E;&#xA02; : </subfield>
    <subfield code="c">&#xA30;&#xA3E;&#xA15;&#xA47;&#xA38;&#xA3C; &#xA30;&#xA3E;&#xA2A;&#xA42;&#xA30;&#xA40;</subfield>
    <subfield code="b">&#xA28;&#xA3E;&#xA35;&#xA32; /</subfield>
  </datafield>
  <datafield tag="246" ind1=" " ind2=" ">
    <subfield code="a">Baagi Tappan : noval /</subfield>
    <subfield code="b">by Rakesh Rapuri</subfield>
  </datafield>
  <datafield tag="260" ind1=" " ind2=" ">
    <subfield code="a">&#xA2A;&#xA70;&#xA1C;&#xA3E;&#xA2C; </subfield>
    <subfield code="b">&#xA09;&#xA21;&#xA3E;&#xA28; &#xA2A;&#xA2C;&#xA32;&#xA40;&#xA15;&#xA47;&#xA38;&#xA3C;&#xA28;&#xA1C;&#xA3C;</subfield>
    <subfield code="c">2005</subfield>
  </datafield>
  <datafield tag="270" ind1=" " ind2=" ">
    <subfield code="a">&#xA35;&#xA3E;&#xA26;&#xA30; &#xA35;&#xA30;&#xA15;&#xA30; &#xA30;&#xA4B;&#xA21;, &#xA2E;&#xA3E;&#xA28;&#xA38;&#xA3E;</subfield>
    <subfield code="b">&#xA2A;&#xA70;&#xA1C;&#xA3E;&#xA2C; </subfield>
    <subfield code="e">151505</subfield>
  </datafield>
  <datafield tag="300" ind1=" " ind2=" ">
    <subfield code="a">127p ; </subfield>
    <subfield code="b">24cm(Hb)</subfield>
  </datafield>
  <datafield tag="650" ind1=" " ind2=" ">
    <subfield code="a"> &#xA38;&#xA3E;&#xA39;&#xA3F;&#xA24;--&#xA2A;&#xA70;&#xA1C;&#xA3E;&#xA2C;&#xA40;</subfield>
    <subfield code="9">122173</subfield>
  </datafield>
  <datafield tag="650" ind1=" " ind2=" ">
    <subfield code="a">&#xA2A;&#xA70;&#xA1C;&#xA3E;&#xA2C;&#xA40; -- &#xA28;&#xA3E;&#xA35;&#xA32;  </subfield>
    <subfield code="9">122174</subfield>
  </datafield>
  <datafield tag="650" ind1=" " ind2=" ">
    <subfield code="a">literature--Punjabi </subfield>
    <subfield code="9">114104</subfield>
  </datafield>
  <datafield tag="650" ind1=" " ind2=" ">
    <subfield code="a">Punjabi-- noval</subfield>
    <subfield code="9">115816</subfield>
  </datafield>
  <datafield tag="942" ind1=" " ind2=" ">
    <subfield code="2">ddc</subfield>
    <subfield code="c">PN</subfield>
    <subfield code="h">&#xA13;</subfield>
    <subfield code="m">&#xA30;&#xA3E;&#xA15;&#xA47;&#xA38;&#xA3C; </subfield>
  </datafield>
  <datafield tag="999" ind1=" " ind2=" ">
    <subfield code="c">109759</subfield>
    <subfield code="d">109759</subfield>
  </datafield>
  <datafield tag="952" ind1=" " ind2=" ">
    <subfield code="0">0</subfield>
    <subfield code="1">0</subfield>
    <subfield code="4">0</subfield>
    <subfield code="7">0</subfield>
    <subfield code="a">L</subfield>
    <subfield code="b">L</subfield>
    <subfield code="d">2016-01-05</subfield>
    <subfield code="e">Cen Lib/Ret</subfield>
    <subfield code="g">120.00</subfield>
    <subfield code="l">1</subfield>
    <subfield code="o">&#xA13; &#xA30;&#xA3E;&#xA15;&#xA47;&#xA38;&#xA3C;</subfield>
    <subfield code="p">B-201146</subfield>
    <subfield code="r">2019-11-25 00:00:00</subfield>
    <subfield code="s">2019-11-11</subfield>
    <subfield code="t">1</subfield>
    <subfield code="v">120.00</subfield>
    <subfield code="w">2016-01-05</subfield>
    <subfield code="y">PN</subfield>
  </datafield>
</record>
